000 00587nam a22001817a 4500
999 _c187567
_d187567
005 20220422162818.0
010 _aENG-132368
020 _c1775.00
_a9788181524140
035 _aEN-115900
037 _bDBAD/PUB
082 _a158.1
100 _aRajan, Smita
245 _aPersonality Development And Soft Skills/
_cSmita Rajan
260 _aJaipur
_bBook Enclave
_c2017
270 _aF-11,S.S. Tower, Dhamani Street, Chaura Rasta
_bJaipur
_e302003
_k91-141-2311900
_mbookenclave@yahoo.com
300 _aiii, 290p.
_c24cm(pbk)
_bIndex
942 _2ddc
_cEN
_h158.1
_mRAJ